U.S. State General Knowledge #1 - California - Statistics

General Stats
  • This quiz has been taken 329 times
    279 since last reset
  • The average score is 48 of 90
Answer Stats
Hint Answer % Correct
Abbreviation CA
99%
Capital Sacramento
99%
3,972,000 Los Angeles
95%
865,000 San Francisco
94%
1,395,000 San Diego
91%
Official nickname The Golden State
91%
Neighboring country Mexico
88%
Neighboring states Nevada
88%
Neighboring states Oregon
87%
Neighboring states Arizona
86%
One of the hottest places on Earth Death Valley
84%
National parks Death Valley
84%
County just south of the biggest city Orange County
78%
Hollywood actor who was 33rd Governor and later became POTUS Ronald Reagan
76%
1,027,000 San Jose
75%
Southern part of the Bay Area Silicon Valley
75%
Governor from 2003-2011 Arnold Schwarzenegger
72%
What happened in 1906? Earthquake
72%
Police brutality against him started the 1992 L.A. riots Rodney King
72%
Co-founder of Apple, died in 2011 Steve Jobs
70%
National parks Yosemite
70%
NBA Los Angeles Lakers
68%
First European nation to colonize California Spain
68%
1955: This famous resort opens his gates in Anaheim Disneyland
65%
NFL San Francisco 49ers
65%
This "Rock" might be the next President of the U.S.? Dwayne Johnson
64%
520,000 Fresno
64%
This began in 1848 Gold Rush
64%
Home of the U.S. film industry Hollywood
64%
Largest lakes Lake Tahoe
64%
He was Jack in Titanic Leonardo diCaprio
64%
Most famous bridge Golden Gate Bridge
62%
One of the most successful golfers of all time Tiger Woods
62%
MLB Los Angeles Dodgers
61%
NFL Los Angeles Rams
60%
Mountain range where the above lies in Sierra Nevada
60%
Most famous prison Alcatraz
59%
NHL Los Angeles Kings
59%
NBA Sacramento Kings
59%
Actress, Friends Jennifer Aniston
58%
They sang about a hotel in California The Eagles
56%
Only president born in California Richard Nixon
55%
Current Governor of California Gavin Newsom
53%
NBA Golden State Warriors
53%
Califonia suffered from this between 2011 and 2017 droughts / wildfires
52%
NFL Los Angeles Chargers
52%
Film star and sex symbol of the 50s Marilyn Monroe
52%
Highest mountain Mount Whitney
52%
This former NFL player was released from prison in October 2017 O.J. Simpson
52%
In which city does the Rose Bowl take place? Pasadena
52%
MLB San Francisco Giants
52%
NFL Oakland Raiders
51%
MLB Los Angeles Angels
50%
NBA Los Angeles Clippers
50%
MLB San Diego Padres
50%
MLB Oakland Athletics
49%
National parks Joshua Tree
47%
Famous road along the coast State Route 1
45%
Party which failed to reach California and died in 1846 Donner Party
44%
National parks Redwood
44%
Year of Statehood 1850
42%
NHL San Jose Sharks
42%
NHL Anaheim Ducks
41%
First railroad which connected California with the rest of the country {Transcontinental} Railroad
38%
Longest river Colorado River
37%
The Fast and the Furious-Star, died in a car accident Paul Walker
36%
Longest Interstate in the state I-5
35%
He led the Patriots to their unbelievable comeback in Super Bowl LI Tom Brady
35%
National parks Sequoia
34%
Famous for his yellow journalism, there‘s a castle on the Central Coast too William R. Hearst
34%
One of the most iconic Western actors Clint Eastwood
33%
They came straight outta Compton N.W.A
33%
Which city marks the end of Route 66? Santa Monica
31%
U.S. senators for California (D) Dianne Feinstein
28%
U.S. senators for California (D) Kamala Harris
28%
District of SF and origin of the hippie culture Haight-Ashbury
27%
Italian-American baseball center fielder known for his hitting streak Joe DiMaggio
25%
Wrote about "Okies" who searched better lives in California John Steinbeck
25%
What was found near Los Angeles in the 1920s? Oil
25%
State motto Eureka!
23%
Which country‘s culture would you encounter in Solvang? the Danish
23%
National parks Channel Islands
22%
Largest lakes Salton Sea
21%
"Royal road" connecting the 21 missions El Camino Real
18%
Lowest point Badwater Basin
16%
National parks Kings Canyon
16%
National parks Lassen Volcanic
16%
National parks Pinnacles
16%
First road to connect the western and eastern coast {Lincoln} Highway
7%
Alphabetically last "town" in the U.S. Zzyzx
5%
No matching quizzes found
Score Distribution
Percent of People with Each Score
Percentile by Number Answered
Your Score History
You have not taken this quiz since the last reset